[Event "6. EICC"]
[Site "?"]
[Date "2005.06.22"]
[Round "5"]
[White "Firman Nazar"]
[Black "Anastasian Ashot"]
[Result "1/2-1/2"]
[WhiteElo "2471"]
[BlackElo "2574"]
[PlyCount "71"]
[EventDate "2005.??.??"]
[Source "www.chesslib.no"]
[SourceDate "2004.05.04"]

1. e4 c5 2. Nf3 Nf6 3. Nc3 d5 4. e5 Nfd7 5. Nxd5 Nxe5 6. Bb5+ Nec6 7. c4 e6 8. Ne3 Bd7 9. O-O Be7 10. b3 O-O 11. Bb2 a6 12. Bxc6 Nxc6 13. d4 cxd4 14. Nxd4 Qc7 15. Qe2 Rad8 16. Rfd1 f6 17. a3 Nxd4 18. Bxd4 Bc6 19. Qg4 Qc8 20. Bb6 Rxd1+ 21. Rxd1 Bxa3 22. c5 Bb2 23. Nc4 Be5 24. Nxe5 fxe5 25. Qg5 Bd5 26. Qxe5 Bxb3 27. Rd3 Bd5 28. Rg3 Qd7 29. h4 Bc6 30. Ba5 Rf5 31. Qb8+ Qe8 32. Qc7 Qf7 33. Qc8+ Qe8 34. Qc7 Qd7 35. Qb8+ Rf8 36. Qe5 1/2-1/2

[Event "Solingen"]
[Site "Solingen GER"]
[Date "1986.??.??"]
[Round "?"]
[White "Short, Nigel D"]
[Black "Ostermeyer, Peter"]
[Result "1-0"]
[WhiteElo "2585"]
[BlackElo "2455"]
[PlyCount "85"]
[EventDate "1986.09.??"]
[Source "www.chesslib.no"]
[SourceDate "2004.05.04"]

1. e4 c5 2. Nf3 Nf6 3. e5 Nd5 4. Nc3 Nxc3 5. dxc3 Nc6 6. Bf4 h6 7. Bc4 e6 8. Qe2 b6 9. O-O-O Bb7 10. h4 Qc7 11. Rd2 O-O-O 12. Rhd1 Be7 13. Kb1 Na5 14. Ba6 Bxa6 15. Qxa6+ Qb7 16. Qe2 Qc6 17. c4 Nb7 18. h5 Na5 19. b3 Qb7 20. g4 g5 21. Bg3 Nc6 22. c3 Rhf8 23. Rd3 f5 24. exf6 Rxf6 25. Re3 Rdf8 26. Nd2 e5 27. Ne4 Re6 28. Red3 Nb8 29. Rd6 Qc7 30. R6d5 d6 31. b4 Nc6 32. bxc5 bxc5 33. Ka1 Kb7 34. Nxc5+ dxc5 35. Rd7 Bd6 36. Rxc7+ Kxc7 37. Qe4 Rff6 38. f3 Re7 39. Bf2 Nb8 40. Qa8 Nc6 41. Rb1 Kd7 42. Qb7+ Bc7 43. Bxc5 1-0

[Event "Tch (Men) 2005/2006 NED"]
[Site "?"]
[Date "2005.11.05"]
[Round "3"]
[White "Smeets Jan"]
[Black "Van der Wiel John TH"]
[Result "1-0"]
[WhiteElo "2531"]
[BlackElo "2503"]
[PlyCount "97"]
[EventDate "2005.??.??"]
[Source "www.chesslib.no"]
[SourceDate "2004.05.04"]

1. e4 c5 2. Nf3 Nf6 3. e5 Nd5 4. Nc3 Nxc3 5. dxc3 Nc6 6. Bf4 Qc7 7. Qe2 e6 8. O-O-O b6 9. Nd2 d5 10. exd6 Bxd6 11. Bxd6 Qxd6 12. Qf3 O-O 13. Bb5 Bb7 14. Nc4 Qc7 15. Nd6 a6 16. Bd3 Na5 17. Nxb7 Nxb7 18. Be4 Rab8 19. Qg3 Qe7 20. Qd3 f5 21. Bf3 b5 22. Qd7 Rf7 23. Qc6 c4 24. Qxa6 Nc5 25. Qc6 Qa7 26. a3 Rc7 27. Qd6 Kf7 28. Qe5 Nd7 29. Qe2 Rb6 30. Rd4 e5 31. Bd5+ Kf8 32. Rdd1 Rd6 33. Qh5 Nf6 34. Qxf5 Rcd7 35. Bf3 Qxf2 36. Qxe5 Rd2 37. Rxd2 Rxd2 38. Qf5 Qe3 39. Kb1 Qe8 40. Qc5+ Kf7 41. Rf1 Qd7 42. Bc6 Qg4 43. Qxb5 Qe2 44. Rc1 Kg6 45. a4 Qe6 46. a5 Rd6 47. Bb7 Ng4 48. a6 Nf2 49. Qc5 1-0

[Event "Memorial M.Najdorf (open)"]
[Site "Grodzisk Mazowiecki (Poland)"]
[Date "2007.07.22"]
[Round "3"]
[White "Macieja Bartlomiej (POL)"]
[Black "Llaneza Vega Marcos (ESP)"]
[Result "1-0"]
[WhiteElo "2596"]
[BlackElo "2438"]
[PlyCount "83"]
[EventDate "2007.??.??"]
[Source "www.chesslib.no"]
[SourceDate "2004.05.04"]

1. e4 c5 2. Nf3 Nf6 3. e5 Nd5 4. Nc3 e6 5. Ne4 Nc6 6. Bb5 f5 7. Nc3 Nc7 8. Bxc6 bxc6 9. d3 Be7 10. h4 Nd5 11. Ne2 Nb6 12. c4 d5 13. b3 a5 14. Bg5 Nd7 15. Nf4 Nf8 16. Rc1 d4 17. Rg1 Ng6 18. Nxg6 hxg6 19. Bxe7 Qxe7 20. Qd2 Bd7 21. Ke2 Kf8 22. a3 Be8 23. g3 Qc7 24. Qf4 Ke7 25. Rc2 Rb8 26. Rb1 Bf7 27. Qg5+ Kd7 28. Rcb2 Rb7 29. Kf1 Rhb8 30. h5 Qd8 31. h6 gxh6 32. Qxh6 Qf8 33. Qd2 Qd8 34. Kg2 Kc8 35. Qh6 Qg8 36. Qg5 Kc7 37. Qd2 Kb6 38. b4 Ka6 39. bxc5 Qd8 40. Rxb7 Rxb7 41. Rxb7 Kxb7 42. Qb2+ 1-0

[Event "Linares Anibal op 8th"]
[Site "Linares"]
[Date "2001.01.09"]
[Round "2"]
[White "Yagupov, Igor"]
[Black "Najer, Evgeniy"]
[Result "0-1"]
[WhiteElo "2417"]
[BlackElo "2616"]
[PlyCount "86"]
[EventDate "2001.01.08"]
[Source "ChessBase"]
[SourceDate "2001.03.20"]

1. e4 c5 2. Nf3 Nf6 3. Nc3 d5 4. exd5 Nxd5 5. Bb5+ Bd7 6. Ne5 Nf6 7. Nxd7 Nbxd7 8. d4 e6 9. O-O a6 10. Be2 cxd4 11. Qxd4 Bc5 12. Qd3 Qc7 13. Ne4 Nxe4 14. Qxe4 O-O 15. c4 Nf6 16. Qc2 Rad8 17. Rb1 a5 18. a3 b6 19. b4 axb4 20. axb4 Bd4 21. Rb3 Qe5 22. g3 Qc7 23. Rd1 e5 24. Be3 Bxe3 25. Rxe3 Rxd1+ 26. Bxd1 Rc8 27. Be2 h6 28. Qa4 e4 29. Ra3 Qe5 30. Qb3 Re8 31. Qc2 h5 32. Qc3 Qe7 33. Ra6 e3 34. Qxe3 Qxb4 35. Qf3 Qe1+ 36. Bf1 Ng4 37. Ra8 Rxa8 38. Qxa8+ Kh7 39. Qf3 Qxf1+ 40. Kxf1 Nxh2+ 41. Ke2 Nxf3 42. Kxf3 g5 43. Ke4 Kg6 0-1

[Event "Wch-16 sf2"]
[Site "Wch-16 sf2"]
[Date "1992.??.??"]
[Round "?"]
[White "Glaser, Helmut F"]
[Black "Korolev, Sergey Ivanovich"]
[Result "1/2-1/2"]
[WhiteElo "2440"]
[BlackElo "2590"]
[PlyCount "36"]
[EventDate "1992.??.??"]
[Source "www.chesslib.no"]
[SourceDate "2004.05.04"]

1. e4 c5 2. Nf3 Nf6 3. e5 Nd5 4. Nc3 e6 5. Nxd5 exd5 6. d4 Qb6 7. c3 Nc6 8. dxc5 Bxc5 9. Qc2 Qc7 10. Bf4 f6 11. Qd1 fxe5 12. Nxe5 Nxe5 13. Qh5+ g6 14. Qxe5+ Qxe5+ 15. Bxe5 O-O 16. O-O-O d6 17. Bg3 Bxf2 18. Bxd6 Rf7 1/2-1/2

[Event "URS-ch otbor"]
[Site "Rostov"]
[Date "1976.??.??"]
[Round "?"]
[White "Kholmov, Ratmir D"]
[Black "Palatnik, Semon"]
[Result "1-0"]
[WhiteElo "2550"]
[BlackElo "2480"]
[PlyCount "99"]
[EventDate "1976.??.??"]
[Source "ChessBase"]

1. e4 c5 2. Nf3 Nf6 3. Nc3 d6 4. g3 Bg4 5. h3 Bxf3 6. Qxf3 Nc6 7. Bg2 g6 8. O-O Bg7 9. d3 O-O 10. g4 Rb8 11. Qd1 b5 12. Be3 Nd7 13. Qd2 b4 14. Nd1 e5 15. a3 b3 16. c3 Re8 17. f4 exf4 18. Bxf4 Nce5 19. Ne3 Nf8 20. Nd5 Ne6 21. Bh6 Bh8 22. Rf2 Rb7 23. Raf1 Qa5 24. Nf6+ Bxf6 25. Rxf6 c4 26. d4 Nd3 27. e5 d5 28. Be3 Ree7 29. Rd1 Kf8 30. Bf1 Qb5 31. Bxd3 cxd3 32. Qf2 Ke8 33. Rf3 h5 34. gxh5 gxh5 35. Rf5 Kd7 36. Rxh5 Rb8 37. Rf5 Rg8+ 38. Kh2 Rg7 39. Qf1 Qb8 40. Rxd3 Qh8 41. Qf3 Re8 42. Qxd5+ Kc7 43. Qc4+ Kb8 44. Qxb3+ Kc8 45. Qc4+ Kb8 46. d5 Reg8 47. Rf2 Ng5 48. Bf4 Nxh3 49. Rxh3 Qxh3+ 50. Kxh3 1-0

[Event "Mario Covas 3rd"]
[Site "Santos"]
[Date "2003.04.23"]
[Round "2"]
[White "Zapata, Alonso"]
[Black "Hoffman, Alejandro"]
[Result "1/2-1/2"]
[WhiteElo "2543"]
[BlackElo "2485"]
[PlyCount "20"]
[EventDate "2003.04.22"]
[Source "ChessBase"]
[SourceDate "2003.07.25"]

1. e4 c5 2. Nf3 Nf6 3. Nc3 d5 4. Bb5+ Bd7 5. e5 Ne4 6. e6 fxe6 7. Bxd7+ Nxd7 8. Nxe4 dxe4 9. Ng5 Nf6 10. Qe2 Qd5 1/2-1/2

[Event "Europa ch 2008"]
[Site "Plovdiv BUL"]
[Date "2008.05.02"]
[Round "11.45"]
[White "Lopez Martinez, Josep Manuel"]
[Black "Ter-Sahakyan, Samvel"]
[Result "0-1"]
[WhiteElo "2575"]
[BlackElo "2449"]
[PlyCount "58"]
[EventDate "2008.04.21"]
[Source "www.chesslib.no"]
[SourceDate "2004.05.04"]

1. e4 c5 2. Nf3 Nf6 3. e5 Nd5 4. Nc3 e6 5. Ne4 f5 6. Nc3 Nxc3 7. dxc3 Be7 8. Bf4 b6 9. Qe2 Bb7 10. O-O-O Nc6 11. h4 g6 12. Ng5 Qc7 13. h5 Rg8 14. Nxh7 g5 15. Bh2 O-O-O 16. f4 gxf4 17. Bxf4 Rg7 18. g4 fxg4 19. Re1 Rxh7 20. Qxg4 Rhh8 21. h6 Rdg8 22. Qh5 Rf8 23. Bg3 Rf5 24. Qg6 Rg5 25. Qd3 Nxe5 26. Rxe5 Rxe5 27. Rh5 Rxh5 28. Bxc7 Kxc7 29. Qg3+ Bd6 0-1

[Event "Campionato europeo 2007"]
[Site "Dresda GER"]
[Date "2007.04.07"]
[Round "5.99"]
[White "Solak, Dragan"]
[Black "Fernandes, Antonio"]
[Result "1-0"]
[WhiteElo "2575"]
[BlackElo "2448"]
[PlyCount "75"]
[EventDate "2007.04.03"]
[Source "www.chesslib.no"]
[SourceDate "2004.05.04"]

1. e4 c5 2. Nf3 Nf6 3. e5 Nd5 4. Nc3 Nxc3 5. dxc3 Nc6 6. Bf4 e6 7. Qd2 Qc7 8. O-O-O h6 9. h4 b6 10. Bd3 Bb7 11. Be4 O-O-O 12. c4 Be7 13. Bg3 Rhg8 14. h5 Nd4 15. Bxb7+ Qxb7 16. Nxd4 cxd4 17. Rhg1 Qa6 18. Kb1 Qxc4 19. Qf4 Bc5 20. c3 Qd5 21. b4 Be7 22. Rxd4 Bg5 23. Qxf7 Qb5 24. Rgd1 Qc6 25. f4 Rdf8 26. Qxd7+ Qxd7 27. Rxd7 Bxf4 28. Bxf4 Rxf4 29. Rxa7 Kb8 30. Rdd7 Rf2 31. Rdb7+ Kc8 32. Rxg7 Kb8 33. Rxg8+ Kxa7 34. b5 Re2 35. g4 Rxe5 36. Rg7+ Kb8 37. g5 Rxb5+ 38. Kc2 1-0

[Event "Campionato europeo 2007"]
[Site "Dresda GER"]
[Date "2007.04.14"]
[Round "11.86"]
[White "Bindrich, Falko"]
[Black "Anastasian, Ashot"]
[Result "0-1"]
[WhiteElo "2469"]
[BlackElo "2552"]
[PlyCount "178"]
[EventDate "2007.04.03"]
[Source "www.chesslib.no"]
[SourceDate "2004.05.04"]

1. e4 c5 2. Nf3 Nf6 3. Nc3 d5 4. exd5 Nxd5 5. Nxd5 Qxd5 6. d4 Bg4 7. Be2 cxd4 8. Qxd4 Qxd4 9. Nxd4 Bxe2 10. Kxe2 a6 11. Rd1 Nd7 12. Be3 Rc8 13. c3 e6 14. Nb3 Be7 15. a4 h5 16. Rd2 h4 17. h3 Rh5 18. Rad1 Nf6 19. Bd4 Nd5 20. Kf1 g6 21. Na1 Nf6 22. Nc2 Ne4 23. Rd3 Nc5 24. Bxc5 Rhxc5 25. Ne3 R8c7 26. Ke2 f5 27. Kf1 Bf6 28. Ke2 Ra5 29. Rd6 Ke7 30. Rb6 Re5 31. Kf3 Kf7 32. Rd4 Be7 33. Nc4 Re1 34. Nd6+ Kf8 35. Rd3 e5 36. Re3 e4+ 37. Kf4 Ra1 38. Nxf5 gxf5 39. Kxf5 Rf1 40. Kxe4 Rxf2 41. Rf3+ Rxf3 42. gxf3 Bd8 43. Rh6 Kg7 44. Rd6 Be7 45. Re6 Kf7 46. Rh6 Rc4+ 47. Kf5 Rc5+ 48. Ke4 a5 49. Rb6 Rc4+ 50. Ke5 Rxa4 51. Rxb7 Ra1 52. Ra7 Rb1 53. Rxa5 Rxb2 54. Ra6 Rf2 55. f4 Rf3 56. Rh6 Re3+ 57. Kf5 Rxc3 58. Rh7+ Kf8 59. Kg6 Rg3+ 60. Kf5 Rxh3 61. Kg6 Rg3+ 62. Kf5 Rg1 63. Ke6 Re1+ 64. Kf5 Kg8 65. Rh6 Ra1 66. Re6 Kf7 67. Rh6 Ra5+ 68. Kg4 Bf6 69. Rh7+ Kg6 70. Rb7 Ra3 71. f5+ Kh6 72. Rb6 Ra4+ 73. Kh3 Kg5 74. Rb3 Ra2 75. Re3 Bd4 76. Re4 Ra3+ 77. Kh2 Bf6 78. Re2 Kxf5 79. Rf2+ Kg5 80. Kg2 Be5 81. Rf3 Ra2+ 82. Rf2 Ra4 83. Rf8 Bf4 84. Rg8+ Kh5 85. Kf3 Be5 86. Rf8 Ra3+ 87. Ke4 Bd6 88. Rf3 Ra4+ 89. Kf5 Ra5+ 0-1

[Event "FRA-chT 9900"]
[Site "France"]
[Date "2000.02.06"]
[Round "3.1"]
[White "Magem Badals, Jordi"]
[Black "Murey, Jacob"]
[Result "1/2-1/2"]
[WhiteElo "2529"]
[BlackElo "2487"]
[PlyCount "25"]
[EventDate "2000.02.04"]
[Source "www.chesslib.no"]
[SourceDate "2004.05.04"]

1. e4 c5 2. Nf3 Nf6 3. Nc3 e6 4. d4 d5 5. exd5 Nxd5 6. Nxd5 Qxd5 7. Be3 Nd7 8. Be2 b6 9. Nd2 cxd4 10. Bf3 Qf5 11. Bxd4 Rb8 12. O-O Bb7 13. Re1 1/2-1/2

[Event "ch-RUS Boys u20"]
[Site "St Petersburg RUS"]
[Date "2008.03.15"]
[Round "8"]
[White "Sjugirov, S."]
[Black "Rakhmanov, Ale"]
[Result "0-1"]
[WhiteElo "2491"]
[BlackElo "2524"]
[PlyCount "82"]
[EventDate "2008.03.08"]
[Source "www.chesslib.no"]
[SourceDate "2004.05.04"]

1. e4 c5 2. Nf3 Nf6 3. Nc3 d5 4. exd5 Nxd5 5. Bb5+ Bd7 6. Ne5 Nf6 7. Qf3 Qc8 8. Nxd7 Nbxd7 9. d3 a6 10. Bxd7+ Qxd7 11. Bg5 O-O-O 12. O-O h6 13. Be3 e6 14. a3 Bd6 15. Rab1 Qc7 16. Kh1 Kb8 17. Na4 b5 18. Nc3 Qb7 19. Qe2 Qc6 20. Na2 Nd5 21. Qf3 Qb7 22. c4 Nxe3 23. Qxe3 b4 24. axb4 cxb4 25. d4 Bc7 26. Nc1 Qc6 27. Qb3 Rxd4 28. Qxb4+ Ka8 29. Ne2 Rxc4 30. Qa3 Rb8 31. Rbc1 Rb7 32. Qf8+ Bb8 33. Qxg7 f5 34. Qxh6 Rxb2 35. Nd4 Rxc1 36. Rxc1 Qd6 37. Qh8 Rxf2 38. Rb1 Rd2 39. Qh7 Qb4 40. Ra1 Qa3 41. Rb1 Qb2 0-1

[Event "Hamburg-ch int"]
[Site "Hamburg"]
[Date "2002.05.22"]
[Round "5"]
[White "Lanka, Zigurds"]
[Black "Votava, Jan"]
[Result "0-1"]
[WhiteElo "2503"]
[BlackElo "2508"]
[PlyCount "88"]
[EventDate "2002.05.18"]
[Source "ChessBase"]
[SourceDate "2002.07.08"]

1. e4 c5 2. Nf3 Nf6 3. e5 Nd5 4. b3 Nc6 5. Bb2 d6 6. Bb5 Nc7 7. Bxc6+ bxc6 8. O-O d5 9. d3 Bg4 10. Nbd2 e6 11. h3 Bh5 12. Qe1 a5 13. a4 Na6 14. Ba3 Nb4 15. Qb1 Bg6 16. Kh1 Rb8 17. Qb2 h5 18. Bxb4 Rxb4 19. Rfe1 Bf5 20. Rad1 g5 21. Ne4 Bxe4 22. dxe4 g4 23. Ng1 c4 24. exd5 cxd5 25. Qc3 Qb6 26. f4 Bc5 27. f5 cxb3 28. fxe6 fxe6 29. cxb3 Rxb3 30. Qc2 Kd7 31. Rf1 Be7 32. Rf7 Rf8 33. Rxf8 Bxf8 34. Rc1 Qb7 35. Qh7+ Be7 36. Qxh5 gxh3 37. Nxh3 Rb1 38. Qd1 Rxc1 39. Qxc1 Qb4 40. Qa1 Bc5 41. Qf1 Qxa4 42. Nf4 Qc4 43. Qb1 Kc6 44. Ng6 Qe4 0-1

[Event "LXI Lega superiore camp. russo"]
[Site "Novokuznetsk RUS"]
[Date "2008.09.04"]
[Round "2"]
[White "Shaposhnikov, E."]
[Black "Smirnov, Arte"]
[Result "1/2-1/2"]
[WhiteElo "2558"]
[BlackElo "2452"]
[PlyCount "74"]
[EventDate "2008.09.03"]
[Source "www.chesslib.no"]
[SourceDate "2004.05.04"]

1. e4 c5 2. Nf3 Nf6 3. e5 Nd5 4. d4 cxd4 5. Qxd4 e6 6. Bc4 Nc6 7. Qe4 d6 8. exd6 Nf6 9. Qe2 Bxd6 10. O-O Qc7 11. Nc3 a6 12. Bg5 b5 13. Bd3 Bb7 14. Rad1 Be7 15. Ne4 Nxe4 16. Bxe4 O-O 17. Qe3 Bxg5 18. Nxg5 h6 19. Nf3 Rac8 20. c3 Rfd8 21. h3 Na5 22. Ne5 Bxe4 23. Qxe4 Nb7 24. Qe2 Nc5 25. b3 Rd5 26. Nf3 Rcd8 27. c4 bxc4 28. bxc4 R5d7 29. Rxd7 Rxd7 30. Rd1 Qd8 31. Rxd7 Qxd7 32. Qe5 Qd1+ 33. Kh2 Nd3 34. Qb8+ Kh7 35. Qa7 Qc2 36. Qxf7 Qxc4 37. Ng5+ hxg5 1/2-1/2

[Event "EU-chT (Men)"]
[Site "Debrecen"]
[Date "1992.??.??"]
[Round "1"]
[White "Kovalev, Andrei"]
[Black "Fernandes, Antonio"]
[Result "1-0"]
[WhiteElo "2570"]
[BlackElo "2440"]
[PlyCount "77"]
[EventDate "1992.11.??"]
[Source "ChessBase"]

1. e4 c5 2. Nf3 Nf6 3. e5 Nd5 4. Nc3 Nc7 5. Bc4 Nc6 6. O-O e6 7. Ne4 d5 8. exd6 Bxd6 9. d4 cxd4 10. Nfg5 h6 11. Nxd6+ Qxd6 12. Ne4 Qe7 13. a4 O-O 14. b3 Nd5 15. Ba3 Ndb4 16. a5 e5 17. Qd2 Bf5 18. Rfe1 Rfd8 19. f4 exf4 20. Nf2 Qc5 21. Nd3 Bxd3 22. cxd3 Qxa5 23. Qxf4 Rd7 24. Rf1 Qc7 25. Qd2 Nd5 26. Rf3 Ne3 27. Rg3 Qe5 28. b4 Ne7 29. Bb3 N7d5 30. Bb2 Rc7 31. Re1 Rac8 32. b5 Nc3 33. Bc4 Ne4 34. Qxe3 dxe3 35. Bxe5 Rxc4 36. Rxg7+ Kf8 37. dxc4 f6 38. Rg4 Rxc4 39. Bxf6 1-0

[Event "Neckar op 6th"]
[Site "Deizisau"]
[Date "2002.03.31"]
[Round "7"]
[White "Sax, Gyula"]
[Black "Kunin, Vitaly"]
[Result "1/2-1/2"]
[WhiteElo "2584"]
[BlackElo "2424"]
[PlyCount "64"]
[EventDate "2002.03.28"]
[Source "ChessBase"]
[SourceDate "2002.05.03"]

1. e4 c5 2. Nf3 Nf6 3. e5 Nd5 4. Nc3 Nxc3 5. dxc3 Nc6 6. Bf4 Qc7 7. Bd3 e6 8. Qe2 h6 9. O-O-O b6 10. Nd2 Bb7 11. Nc4 b5 12. Nd6+ Bxd6 13. exd6 Qa5 14. Bxb5 Qxa2 15. Qc4 Qa5 16. Be3 a6 17. Bxc6 Bxc6 18. Qxc5 Qxc5 19. Bxc5 Bxg2 20. Rhg1 Bf3 21. Rd3 Be4 22. Rd4 Bg6 23. Rb4 O-O 24. Rb7 Rfd8 25. Rg4 e5 26. Ra4 f6 27. Bb6 Rdc8 28. Ra5 Rc6 29. Bc5 Bf5 30. b4 Kf7 31. Rc7 Rc8 32. Rxc8 Rxc8 1/2-1/2

[Event "LXI Lega superiore camp. russo"]
[Site "Novokuznetsk RUS"]
[Date "2008.09.05"]
[Round "3"]
[White "Smikovski, I."]
[Black "Smirnov, Arte"]
[Result "1-0"]
[WhiteElo "2554"]
[BlackElo "2452"]
[PlyCount "63"]
[EventDate "2008.09.03"]
[Source "www.chesslib.no"]
[SourceDate "2004.05.04"]

1. e4 c5 2. Nf3 Nf6 3. Nc3 d5 4. exd5 Nxd5 5. Bb5+ Bd7 6. Ne5 Bxb5 7. Qf3 f6 8. Nxb5 Na6 9. Qh5+ g6 10. Nxg6 hxg6 11. Qxh8 Qd7 12. Qh4 Qxb5 13. c4 Qb4 14. a3 Qa4 15. b3 Qxb3 16. cxd5 Qd3 17. Bb2 Rd8 18. O-O-O Rxd5 19. Qg3 c4 20. Qxd3 Rxd3 21. Kc2 Nc5 22. Bc3 e5 23. Rb1 a6 24. a4 Rd5 25. Rb4 Kd7 26. Rhb1 Kc6 27. a5 Bd6 28. Rxc4 Kd7 29. d4 exd4 30. Rxd4 Rf5 31. Rb6 Rxf2+ 32. Kd1 1-0

[Event "Tuzla"]
[Site "Tuzla"]
[Date "1983.??.??"]
[Round "11"]
[White "Hulak, Krunoslav"]
[Black "Sahovic, Dragutin"]
[Result "1-0"]
[WhiteElo "2530"]
[BlackElo "2475"]
[PlyCount "81"]
[EventDate "1983.10.??"]
[Source "ChessBase"]

1. e4 c5 2. Nf3 Nf6 3. e5 Nd5 4. d4 cxd4 5. Qxd4 e6 6. Bc4 Nc6 7. Qe4 d6 8. O-O dxe5 9. Nxe5 Nf6 10. Nxc6 Nxe4 11. Nxd8 Kxd8 12. Rd1+ Kc7 13. Nc3 Nxc3 14. Bf4+ Kc6 15. bxc3 f6 16. Rd8 e5 17. Be3 Kc7 18. Rad1 b6 19. Be6 Rb8 20. Bxc8 Rxc8 21. R1d7+ Kc6 22. Rxc8+ Kxd7 23. Ra8 Kc6 24. Rxa7 Bc5 25. Bxc5 bxc5 26. Rxg7 Ra8 27. Rxh7 Rxa2 28. g4 Rxc2 29. Rf7 Rxc3 30. Rxf6+ Kd5 31. Kg2 c4 32. g5 Ra3 33. g6 Ra8 34. Kf3 c3 35. Ke2 e4 36. g7 Rg8 37. Rg6 Kc4 38. h4 c2 39. Kd2 Kb3 40. Rb6+ Kc4 41. Rb7 1-0

[Event "Pula op"]
[Site "Pula"]
[Date "2002.05.19"]
[Round "9"]
[White "Rowson, Jonathan"]
[Black "Murey, Jacob"]
[Result "1-0"]
[WhiteElo "2527"]
[BlackElo "2472"]
[PlyCount "83"]
[EventDate "2002.05.12"]
[Source "ChessBase"]
[SourceDate "2002.07.08"]

1. e4 c5 2. Nf3 Nf6 3. Nc3 Nc6 4. d4 d5 5. exd5 Nxd5 6. dxc5 Nxc3 7. Qxd8+ Kxd8 8. bxc3 f6 9. Be3 e5 10. Bc4 Kc7 11. Nd2 Bf5 12. O-O-O Be7 13. f3 Rad8 14. h4 Bc8 15. Ne4 h6 16. g4 h5 17. Rxd8 Nxd8 18. g5 Ne6 19. gxf6 gxf6 20. Rg1 Rh7 21. Rg8 Bd7 22. Bd5 Ng7 23. c4 Nf5 24. Bf2 Rg7 25. Rh8 Rg2 26. Rxh5 Ng7 27. Rh8 Ne6 28. Rh7 Ng7 29. Ng3 Bf8 30. Be1 Rg1 31. Kd2 f5 32. h5 Ne8 33. Be6 Nf6 34. Rf7 Rg2+ 35. Kd1 Bxc5 36. Rxf6 Ba4 37. Bxf5 Rg1 38. Ne4 Bb4 39. Nd2 Bc5 40. Ke2 Rg2+ 41. Kd3 Rg1 42. Ne4 1-0

[Event "Cappelle op"]
[Site "Cappelle la Grande "]
[Date "1996.??.??"]
[Round "6"]
[White "Sturua, Zurab"]
[Black "David, Alberto"]
[Result "1-0"]
[WhiteElo "2540"]
[BlackElo "2455"]
[PlyCount "37"]
[EventDate "1996.02.??"]
[Source "ChessBase"]

1. e4 c5 2. Nf3 Nf6 3. e5 Nd5 4. Nc3 e6 5. Ne4 Nc6 6. c4 Nb6 7. a3 d5 8. exd6 f5 9. Nxc5 e5 10. d4 Bxd6 11. Nb3 e4 12. Ng5 Be7 13. h4 a5 14. Be3 f4 15. Bxf4 a4 16. d5 O-O 17. dxc6 Qxd1+ 18. Rxd1 Rxf4 19. c5 1-0

[Event "Lazne Bohdanec"]
[Site "Lazne Bohdanec"]
[Date "1994.??.??"]
[Round "3"]
[White "Keitlinghaus, Ludger"]
[Black "Vokac, Marek"]
[Result "1-0"]
[WhiteElo "2510"]
[BlackElo "2485"]
[PlyCount "89"]
[EventDate "1994.02.??"]
[Source "ChessBase"]

1. e4 c5 2. Nf3 Nf6 3. e5 Nd5 4. Nc3 e6 5. Ne4 f5 6. Nc3 Nc6 7. Bb5 Nxc3 8. dxc3 Qc7 9. Bf4 a6 10. Be2 b6 11. Qd2 Bb7 12. O-O-O O-O-O 13. Ng5 Re8 14. Nf7 Rg8 15. Qe3 Nd8 16. Nxd8 Qxd8 17. h4 Bxg2 18. Bxa6+ Kc7 19. Rh2 Bc6 20. Qd3 h6 21. Bb5 Qa8 22. f3 Rd8 23. Bxc6 Qxc6 24. Rg2 g6 25. c4 d5 26. exd6+ Bxd6 27. Qe3 Bxf4 28. Qxf4+ Kc8 29. Rxd8+ Kxd8 30. Qb8+ Qc8 31. Qxb6+ Ke7 32. Qa7+ Kf6 33. Qh7 Qa8 34. h5 Qxf3 35. Rxg6+ Rxg6 36. Qxg6+ Ke5 37. Qxh6 Qf2 38. b3 f4 39. Qg7+ Ke4 40. h6 e5 41. Qg6+ Kf3 42. Qh5+ Kg2 43. h7 Qd4 44. Qe2+ Kg3 45. h8=Q 1-0

[Event "Komercni Banka op"]
[Site "Pardubice"]
[Date "1997.07.25"]
[Round "9"]
[White "Anagnostopoulos, Dimitri"]
[Black "Vokac, Marek"]
[Result "0-1"]
[WhiteElo "2515"]
[BlackElo "2480"]
[PlyCount "98"]
[EventDate "1997.07.17"]
[Source "www.chesslib.no"]
[SourceDate "2004.05.04"]

1. e4 c5 2. Nf3 Nf6 3. e5 Nd5 4. d4 e6 5. c3 b6 6. c4 Nc7 7. d5 d6 8. Nc3 dxe5 9. Nxe5 Bd6 10. Nf3 O-O 11. Be2 exd5 12. Nxd5 Nc6 13. O-O Be6 14. Nxc7 Qxc7 15. Qc2 h6 16. h3 Rfe8 17. a3 Rad8 18. b3 Be5 19. Ra2 Nd4 20. Nxd4 Bxd4 21. Bf3 Qe5 22. Bb2 Bf5 23. Qc1 Qf6 24. Bxd4 Rxd4 25. Re2 Rxe2 26. Bxe2 Bd3 27. Qe3 Qd8 28. Rc1 Bxe2 29. Qxe2 Rd2 30. Qe4 g6 31. Rb1 a5 32. g3 Rd4 33. Qe3 h5 34. h4 a4 35. bxa4 Rxc4 36. Qb3 Qd4 37. Qxb6 Rc2 38. Rf1 Qxa4 39. Rb1 Qd4 40. Rf1 Rc3 41. Kg2 Rxa3 42. Rc1 Rxg3+ 43. fxg3 Qd2+ 44. Kf3 Qxc1 45. Qb8+ Kh7 46. Qc7 Qf1+ 47. Ke3 Qf5 48. Ke2 Kg7 49. Ke3 Qd5 0-1

[Event "8th Open"]
[Site "St Lo"]
[Date "2004.02.18"]
[Round "7"]
[White "Fedorchuk, Sergey A"]
[Black "Shirazi, Kamran G"]
[Result "1-0"]
[WhiteElo "2571"]
[BlackElo "2423"]
[PlyCount "81"]
[EventDate "2004.02.14"]
[Source "Roberto Alvarez"]
[SourceDate "2004.03.08"]

1. e4 c5 2. Nf3 Nf6 3. Nc3 d5 4. exd5 Nxd5 5. Bb5+ Bd7 6. Qe2 Nxc3 7. dxc3 Qb6 8. Bd3 Nc6 9. Ng5 g6 10. Bc4 e6 11. Qf3 f5 12. Bxe6 O-O-O 13. Bxd7+ Rxd7 14. O-O Bg7 15. a4 h6 16. a5 Qa6 17. Nh3 Ne5 18. Qg3 Re8 19. Be3 Qc4 20. b4 cxb4 21. cxb4 Qc3 22. Rab1 a6 23. b5 Re6 24. Nf4 Red6 25. bxa6 Rxa6 26. Bb6 Qxg3 27. hxg3 Nc4 28. Rfe1 Nxb6 29. axb6 Bc3 30. Re3 Ba5 31. Re6 Rd2 32. Rxg6 Rxc2 33. Rd6 Bd2 34. Rd1 Kb8 35. R1xd2 Rxd2 36. Rxd2 Rxb6 37. Rd8+ Ka7 38. Rf8 Rb1+ 39. Kh2 b5 40. Nd3 b4 41. Rxf5 1-0

[Event "FRA-chT"]
[Site "FRA"]
[Date "1998.05.10"]
[Round "10"]
[White "Rechlis, Gad"]
[Black "Kallai, Gabor"]
[Result "1/2-1/2"]
[WhiteElo "2520"]
[BlackElo "2470"]
[PlyCount "106"]
[EventDate "1998.02.06"]
[Source "ChessBase"]
[SourceDate "1998.07.07"]

1. e4 c5 2. Nf3 Nf6 3. e5 Nd5 4. d4 cxd4 5. Bc4 Nb6 6. Bb3 Nc6 7. O-O e6 8. Bg5 Qc7 9. Re1 d6 10. exd6 Qxd6 11. a4 Be7 12. Bxe7 Kxe7 13. a5 Nd7 14. Na3 Nf6 15. Nb5 Qc5 16. Nbxd4 Nxd4 17. Nxd4 Rd8 18. c3 Kf8 19. f4 Bd7 20. Re5 Qc7 21. Qe2 Bc6 22. Re1 Bd5 23. Bxd5 Rxd5 24. a6 bxa6 25. Rxe6 Rxd4 26. Rxf6 Rdd8 27. Rf5 Re8 28. Re5 Rxe5 29. fxe5 a5 30. Qe4 Re8 31. Qxh7 Qc5+ 32. Kh1 Rxe5 33. Qh8+ Ke7 34. Rd1 Qd6 35. Qh4+ g5 36. Qg4 Qe6 37. Qg3 f6 38. h3 Kf7 39. Kh2 Kg6 40. Qd3+ Kh6 41. Qd7 Qxd7 42. Rxd7 Re2 43. Rxa7 Rxb2 44. Rxa5 Rd2 45. Rc5 Rd3 46. c4 Rc3 47. Rc8 Kg6 48. c5 Kf5 49. c6 Kf4 50. c7 f5 51. Kg1 Kg3 52. Kf1 Rc1+ 53. Ke2 Kxg2 1/2-1/2

[Event "It (Open) Andorra La Vella AND"]
[Site "?"]
[Date "2005.07.10"]
[Round "2"]
[White "Spraggett Kevin B"]
[Black "Llobel Cortell Enrique"]
[Result "1-0"]
[WhiteElo "2592"]
[BlackElo "2397"]
[PlyCount "51"]
[EventDate "2005.??.??"]
[Source "www.chesslib.no"]
[SourceDate "2004.05.04"]

1. e4 c5 2. Nf3 Nf6 3. e5 Nd5 4. b3 g6 5. d4 cxd4 6. Qxd4 Nc7 7. Qh4 h6 8. Bb2 Bg7 9. Nc3 Nc6 10. Qg3 b5 11. O-O-O b4 12. Nd5 Nxd5 13. Rxd5 Qb6 14. Kb1 e6 15. Rd1 Qc7 16. Bd3 Bb7 17. Rhe1 Ne7 18. Nd2 Nd5 19. Ne4 O-O 20. h4 h5 21. f4 Ne7 22. Qg5 Nf5 23. Nf6+ Kh8 24. Bxf5 exf5 25. Rxd7 Qc6 26. e6 1-0